000 00367nam a2200169Ia 4500
100 _aBotkar/K.R
650 _aELECTRONICS
942 _cBK
366 _f20
654 _aintegrated circuits
245 _aIntegrated circuits
260 _bKhanna publications
_aMumbai
_c2008
082 _a621.385/BOT
_bBOT
300 _a1120
546 _aENGLISH
999 _c20970
_d20970